Economy and society : (Record no. 9677)
[ view plain ]
| 000 -LEADER | |
|---|---|
| fixed length control field | 00852nam a22002532 4500 |
| 001 - CONTROL NUMBER | |
| control field | 0000021434 |
| 005 - DATE AND TIME OF LATEST TRANSACTION | |
| control field | 20151217152231.0 |
| 008 - FIXED-LENGTH DATA ELEMENTS--GENERAL INFORMATION | |
| fixed length control field | 120514s xx 000 0 eng d |
| 020 ## - INTERNATIONAL STANDARD BOOK NUMBER | |
| International Standard Book Number | 0520035003 : |
| 040 ## - CATALOGING SOURCE | |
| Original cataloging agency | KABU |
| Transcribing agency | KABU |
| 100 1# - MAIN ENTRY--PERSONAL NAME | |
| Personal name | Weber, Max. |
| -- | 0000100875 |
| 245 10 - TITLE STATEMENT | |
| Title | Economy and society : |
| Remainder of title | an outline of interprise sociology / |
| Statement of responsibility, etc. | edited by Guenther Roth and Claus Wittich. |
| 250 ## - EDITION STATEMENT | |
| Edition statement | 1st ed. |
| 260 ## - PUBLICATION, DISTRIBUTION, ETC. (IMPRINT) | |
| Place of publication, distribution, etc. | London : |
| Name of publisher, distributor, etc. | University of California Press, |
| Date of publication, distribution, etc. | 1978. |
| 300 ## - PHYSICAL DESCRIPTION | |
| Extent | 2 v. |
| 650 #0 - SUBJECT ADDED ENTRY--TOPICAL TERM | |
| Topical term or geographic name as entry element | Sociology. |
| -- | 0000099021 |
| 650 #0 - SUBJECT ADDED ENTRY--TOPICAL TERM | |
| Topical term or geographic name as entry element | Economics. |
| -- | 0000148279 |
| 700 1# - ADDED ENTRY--PERSONAL NAME | |
| Personal name | Roth, Guenther. |
| -- | 0000182283 |
| 700 1# - ADDED ENTRY--PERSONAL NAME | |
| Personal name | Wittich, Claus. |
| -- | 0000182284 |
| 852 1# - LOCATION | |
| -- | p6611 KES (2v.) |
| 852 1# - LOCATION | |
| -- | p6611 KES (2v.) |
| 908 ## - PUT COMMAND PARAMETER (RLIN) | |
| Put command parameter | 120514 |
| 950 ## - LOCAL HOLDINGS (RLIN) | |
| -- | 1 |
| Withdrawn status | Lost status | Source of classification or shelving scheme | Not for loan | Home library | Current library | Date acquired | Total Checkouts | Full call number | Barcode | Date last seen | Date last checked out | Price effective from | Koha item type |
|---|---|---|---|---|---|---|---|---|---|---|---|---|---|
| Library of Congress Classification | Kabarak, Main Campus | Kabarak, Main Campus | 17/12/2015 | 2 | HM586 W43 1978 v. 2 c. 1 | 21286 | 18/06/2019 | 04/06/2019 | 17/12/2015 | General Collection | |||
| Library of Congress Classification | Kabarak, Main Campus | Kabarak, Main Campus | 17/12/2015 | 1 | HM586 W43 1978 v. 2 c. 5 | 21288 | 04/02/2020 | 01/02/2020 | 17/12/2015 | General Collection | |||
| Library of Congress Classification | Kabarak, Main Campus | Kabarak, Main Campus | 17/12/2015 | 2 | HM586 W43 1978 v. 2 c. 3 | 21282 | 12/06/2019 | 03/06/2019 | 17/12/2015 | General Collection | |||
| Library of Congress Classification | Kabarak, Main Campus | Kabarak, Main Campus | 17/12/2015 | 1 | HM586 W43 1978 v. 1 c. 2 | 21284 | 12/06/2019 | 03/06/2019 | 17/12/2015 | General Collection | |||
| Library of Congress Classification | Kabarak, Main Campus | Kabarak, Main Campus | 17/12/2015 | HM586 W43 1978 v. 1 c. 5 | 21270 | 17/12/2015 | 17/12/2015 | General Collection | |||||
| Library of Congress Classification | Kabarak, Main Campus | Kabarak, Main Campus | 17/12/2015 | HM586 W43 1978 v. 2 c. 4 | 21280 | 17/12/2015 | 17/12/2015 | General Collection | |||||
| Library of Congress Classification | Kabarak, Main Campus | Kabarak, Main Campus | 17/12/2015 | HM586 W43 1978 v. 1 c. 3 | 21285 | 17/12/2015 | 17/12/2015 | General Collection | |||||
| Library of Congress Classification | Kabarak, Main Campus | Kabarak, Main Campus | 17/12/2015 | HM586 W43 1978 v. 2 c. 2 | 21287 | 17/12/2015 | 17/12/2015 | General Collection | |||||
| Library of Congress Classification | Kabarak, Main Campus | Kabarak, Main Campus | 17/12/2015 | HM586 W43 1978 v. 1 c. 1 | 21281 | 17/12/2015 | 17/12/2015 | General Collection | |||||
| Library of Congress Classification | Kabarak, Main Campus | Kabarak, Main Campus | 17/12/2015 | HM586 W43 1978 v. 1 c. 4 | 21283 | 17/12/2015 | 17/12/2015 | General Collection |